Countries Where a Nuclear Weapon Has Exploded - Statistics

General Stats
  • This quiz has been taken 55,594 times
  • The average score is 10 of 16
Answer Stats
Country % Correct
Japan
98%
United States
98%
Russia
96%
China
86%
India
79%
France
76%
North Korea
74%
Pakistan
72%
Australia
66%
Ukraine
63%
Kazakhstan
57%
Uzbekistan
41%
Turkmenistan
38%
Algeria
36%
Marshall Islands
34%
Kiribati
30%
No matching quizzes found
Score Distribution
Percent of People with Each Score
Percentile by Number Answered
Your Score History
You have not taken this quiz